| 000 -LEADER |
| fixed length control field |
00663nam a22001697a 4500 |
| 020 ## - INTERNATIONAL STANDARD BOOK NUMBER |
| ISBN |
9781032346724 |
| 082 ## - DEWEY DECIMAL CLASSIFICATION NUMBER |
| Classification number |
341.2 |
| Item number |
In61922 2023 |
| 245 ## - TITLE STATEMENT |
| Title |
Internatonal public administrations in global public policy : sources and effects of bureaucratic influence / edited by Christoph Knill and Yves Steinebach. |
| 260 ## - PUBLICATION, DISTRIBUTION, ETC. (IMPRINT) |
| Place of publication |
Abingdon, Oxon : |
| Name of publisher |
Routledge, |
| Year of publication |
©2023. |
| 300 ## - PHYSICAL DESCRIPTION |
| Number of Pages |
xix, 255 pages ; |
| Other physical details |
24 cm. |
| 500 ## - GENERAL NOTE |
| General note |
Includes bibliographical references and index. |
| 650 ## - SUBJECT ADDED ENTRY--TOPICAL TERM |
| Topical Term |
International agencies. |
| 650 ## - SUBJECT ADDED ENTRY--TOPICAL TERM |
| Topical Term |
Public administration -- International cooperation. |
| 700 ## - ADDED ENTRY--PERSONAL NAME |
| Personal name |
Knill, Christoph, editor. |
| 700 ## - ADDED ENTRY--PERSONAL NAME |
| Personal name |
Steinebach, Yves, editor. |
| 942 ## - ADDED ENTRY ELEMENTS (KOHA) |
| Koha item type |
Books |